Del Estado liberal al Estado social /
Guardado en:
| Autor Principal: | |
|---|---|
| Otros Autores: | |
| Formato: | Libro |
| Idioma: | Spanish |
| Publicado: |
Ciudad Autónoma de Buenos Aires :
Astrea,
2014.
|
| Edición: | 1a. ed. |
| Materias: | |
| Etiquetas: |
Agregar Etiqueta
Sin Etiquetas, Sea el primero en etiquetar este registro!
|
| LEADER | 00816nam a22001815a 4500 | ||
|---|---|---|---|
| 001 | DER.der014163 | ||
| 008 | 190926s2014####ag############000#0#spa#d | ||
| 005 | 20241107114829.0 | ||
| 245 | 1 | 0 | |a Del Estado liberal al Estado social / |c Paulo Bonavides ; prefacio a la ed. castellana de Ricardo D. Rabinovich-Berkman. |
| 250 | |a 1a. ed. | ||
| 260 | |a Ciudad Autónoma de Buenos Aires : |b Astrea, |c 2014. | ||
| 300 | |a 199 p. | ||
| 500 | |a El Estado liberal y la separación de poderes. Kant Hegel. La libertad antigua y la libertad moderna. bases ideológicas del Estado social. La democracia. Interpretación de las grandes revoluciones. | ||
| 020 | |a 9789877060171 | ||
| 100 | 1 | |a Bonavides, Paulo. | |
| 700 | 1 | |a Rabinovich-Berkman, Ricardo D., |e prol. | |
| 650 | 7 | |a FILOSOFIA DEL DERECHO | |
| 859 | |a DERECHO |b BIB. DERECHO |h 340.01 |i BON |p 009407 | ||
